Utah Cobol : Programmer's Reference Manual /

Guardado en:
Autor Principal: Ellis Computing.
Formato: Libro
Idioma:Undetermined
Publicado: U.S.A : Ellis Computing, c1985.
Etiquetas: Agregar Etiqueta
Sin Etiquetas, Sea el primero en etiquetar este registro!
LEADER 00443nam a22001455a 4500
001 DCC.dcic001213
008 150519s1985####xx#a##########000#0#und#d
005 20150519151133.0
245 1 0 |a Utah Cobol :  |b Programmer's Reference Manual /  |c Ellis Computing. 
260 |a U.S.A :  |b Ellis Computing,  |c c1985. 
300 |a 213 p. :  |b il. ;  |c 23 cm. 
500 |a Incluye índice. 
020 |a 0923877045 
100 1 |a Ellis Computing. 
859 |a DCIC  |b BIB. COMPUTACION  |p 1144